| 000 | 00890nam a2200277 i 4500 | ||
|---|---|---|---|
| 001 | 18823 | ||
| 003 | ES-MaACL | ||
| 005 | 20250829045052.0 | ||
| 007 | t| | ||
| 008 | 020320s1997 sp |||| | spa j | ||
| 020 | _a84-7880-880-9 | ||
| 080 | _a347.97/.99(460) | ||
| 080 | _a328.185(460)"1982/96" | ||
| 100 | 1 |
_aDíaz Herrera, José. _944307 |
|
| 245 | 1 | 3 |
_aEl secuestro de la justicia _b: cuando el poder se enfrenta a los tribunales / _cJosé Díaz Herrera e Isabel Durán. |
| 250 | _a1ª ed. | ||
| 260 |
_aMadrid : _bTemas de Hoy, _c1997. |
||
| 300 |
_a679 p. ; _c23 cm. |
||
| 490 | 1 | _aGrandes temas | |
| 650 | 4 |
_aAdministración de justicia- _zEspaña. _99621 |
|
| 650 | 1 | 4 |
_aCorrupción política- _zEspaña. _911380 |
| 700 | 1 |
_aDurán, Isabel. _946184 |
|
| 830 | 0 | 0 |
_aGrandes temas (Temas de Hoy) _9237065 |
| 852 |
_aES-MaACL _jG-6780 |
||
| 999 |
_c18823 _d18823 |
||